| 000 | 00573nam a2200181 a 4500 | ||
|---|---|---|---|
| 008 | 120416s1973 ||||||||||||||||| || u | ||
| 020 | _a0333148908 | ||
| 050 | _aTA 419 Des | ||
| 100 | _aDesch, H. E | ||
| 245 | 1 | 0 | _aTimber: its structure and properties. (5th ed.) |
| 250 | _a5th ed. | ||
| 260 |
_aLondon _bMacmillan _c1973 |
||
| 300 | _axx, 424p. : ill | ||
| 350 | _a0.00 | ||
| 650 | _aWOOD | ||
| 650 | _aTIMBER | ||
| 995 |
_D0.00 _FCBU-MAIN LIBRARY (Kitwe) _H1 _I5.00 _UAVAILABLE _ZMain Library Open Access Collection |
||
| 999 |
_c59906 _d59906 |
||